Central Library OPAC University of Rajshahi

Constitutional government and democracy : (Record no. 3654)

MARC details
000 -LEADER
fixed length control field 01023cam a2200301 a 4500
001 - CONTROL NUMBER
control field 3654
003 - CONTROL NUMBER IDENTIFIER
rucl marc code BD-RjUL
005 - DATE AND TIME OF LATEST TRANSACTION
control field 20211208233750.0
008 - FIXED-LENGTH DATA ELEMENTS--GENERAL INFORMATION
fixed length control field 160728c19641950mau 00110 eng d
035 ## - SYSTEM CONTROL NUMBER
System control number (BD-RjUL)3688
System control number (BD-RjUL)
040 ## - CATALOGING SOURCE
Original cataloging agency BD-RjUL
Language of cataloging eng
Transcribing agency BD-RjUL
041 ## - LANGUAGE CODE
Language code of text/sound track or separate title eng
082 ## - DEWEY DECIMAL CLASSIFICATION NUMBER
Edition number 16
Classification number 342
Author mark and year FRC 1964
100 1# - MAIN ENTRY--PERSONAL NAME
Personal name Friedrich, Carl J.
Fuller form of name (Carl Joachim),
Dates associated with a name 1901-1984
9 (RLIN) 6445
245 10 - TITLE STATEMENT
Title Constitutional government and democracy :
Remainder of title theory and practice in Europe and America /
Statement of responsibility, etc. Carl J. Friedrich.
250 ## - EDITION STATEMENT
Edition statement Rev. ed.
260 ## - PUBLICATION, DISTRIBUTION, ETC. (IMPRINT)
Place of publication, distribution, etc. Boston :
Name of publisher, distributor, etc. Ginn and Company,
Date of publication, distribution, etc. c1950 [reprinted 1964].
300 ## - PHYSICAL DESCRIPTION
Pagination xvi, 688 p. ;
Size 22 cm.
500 ## - GENERAL NOTE
General note Revised edition of the author's Constitutional government and politics.
General note Includes index.
504 ## - BIBLIOGRAPHY, ETC. NOTE
Bibliography, etc Bibliography: p.597-667.
526 ## - STUDY PROGRAM INFORMATION NOTE
Requested Dept. Political Science
650 #0 - SUBJECT ADDED ENTRY--TOPICAL TERM
Topical term or geographic name as entry element Political science.
9 (RLIN) 11590
Topical term or geographic name as entry element Constitutional history
Geographic subdivision United States.
9 (RLIN) 11591
651 #0 - SUBJECT ADDED ENTRY--GEOGRAPHIC NAME
Geographic name Europe
General subdivision Constitutional history.
9 (RLIN) 11592
942 ## - ADDED ENTRY ELEMENTS (KOHA)
Source of classification or shelving scheme Dewey Decimal Classification
Koha item type Books
Holdings
Lost status Source of classification or shelving scheme Damaged status Not for loan Collection code Permanent Location Current Location Shelving location Date acquired Source of acquisition Cost, normal purchase price Total Checkouts Full call number Date last seen Copy number Koha item type
  Dewey Decimal Classification     Non-fiction Central Library, University of Rajshahi Central Library, University of Rajshahi   17/05/1965 Zeitlinger 88.00   342 FRC 1964 19/12/2013 C-2 Books
  Dewey Decimal Classification     Non-fiction Central Library, University of Rajshahi Central Library, University of Rajshahi   27/07/2016 Zeitlinger 88.00   342 FRC 1964 27/07/2016 C-3 Books
  Dewey Decimal Classification     Non-fiction Central Library, University of Rajshahi Central Library, University of Rajshahi   27/07/2016 Zeitlinger 88.00   342 FRC 1964 27/07/2016 C-4 Books
  Dewey Decimal Classification     Non-fiction Central Library, University of Rajshahi Central Library, University of Rajshahi   27/07/2016 Zeitlinger 88.00   342 FRC 1964 27/07/2016 C-5 Books
  Dewey Decimal Classification     Non-fiction Central Library, University of Rajshahi Central Library, University of Rajshahi   27/07/2016 Zeitlinger 88.00   342 FRC 1964 27/07/2016 C-6 Books
  Dewey Decimal Classification     Non-fiction Central Library, University of Rajshahi Central Library, University of Rajshahi   03/09/1957 Zeithlinger 2.50   342 FRC 1950 28/07/2016 C-7 Books